000 00981nas a2200337 4500
001 BR0303273
003 BR-BrBNA
005 20231205103915.0
007 ta
008 230509b bl.|||p| |||| 00| 00por d
040 _aBR-BrBNA
_bpor
_cBiblioteca Nacional de Agricultura
041 _a(Pt)
072 _aF04; F03
100 1 _aRossetto, C.A.V.
100 1 _aLima, T. de M.
100 1 _aViegas, E. de C.
100 1 _aSilva, O.F.
100 1 _aBittencourt, A.M.
245 1 _aEfeito da calagem, da colheita e da secagem na qualidade sanitária de amendoim na seca
650 _aAMENDOIM
650 _aCALAGEM
650 _aCOLHEITA
650 _aSECAGEM
650 _aSEMENTE
650 _aQUALIDADE
650 _aAFLATOXINA
650 _aCONTAMINAÇÃO BACTERIANA
773 0 _tPesquisa Agropecuária Brasileira (Brazil)
_xISSN 0100-204X
_g(May 2003), v. 38(5) p. 567-573
_wBR0303273
909 _a202311
_bLúcia
_c55
_dLúcia Elande
942 _2AGRIS
_n0
_cANA
999 _c175366
_d175366